1514 1886 1832 1194 1877 1627 1279 1492 1413 1431 1053 1007 1843 1014 1851 1085 1522 1344 1482 1166 1862 1650 1012 1274 1579 1125 1450 1357 1954 1451 1642 1168 1509 1518 1050 1349 1477 1053 1139 1916 1033 1351 1173 1775 1080 1931 1764 1886 1611 1262 1086 1573 1610 1053 1955 1469 1009 1471 1528 1309 1473 1329 1338 1508 1617 1610 1382 1268 1810 1743 1290 1752 1031 1482 1469 1167 1030 1177 1712 1317 1457 1033 1110 1832 1623 1684 1787 1213 1658 1378 1487 1068 1043 1887 1932 1084 1131 1227 1419 BCNSPRNW ULIB Ver.6.0+V

เปลี่ยนเป็นภาษาไทย

Change to English
 แสดงรายละเอียดบรรณานุกรม
  กลับหน้าหลัก

Brief Record : Get Marc (ISO 2709) : E-mail record : QR code < ปิดหน้าต่าง
LEADER : 00000nam 2200000uu 4500
001    13399109181
003     ULIB
008    110203s2550||||th 000 0 tha d
020    9746146165(ล.2)
060  4 WA400^bม246อ ล.2 2550
110 1  มหาวิทยาลัยสุโขทัยธรรมาธิราช^bสาขาวิชาวิทยาศาสตร์สุขภาพ
245 00 เอกสารการสอนชุดวิชา เออร์กอนอมิคส์และจิตวิทยาในการทำงาน หน่วยที่8-15=^b Ergonomics and work psychology/^cสาขาวิชาวิทยาศาสตร์สุขภาพ มหาวิทยาลัยสุโขทัยธรรมาธิราช
246 0  Ergonomics and work psychology
250    พิมพ์ครั้งที่ 11
260    นนทบุรี:^bศูนย์หนังสือมหาวิทยาลัยสุโขทัยธรรมาธิราช,^c2550
300    435 หน้า
650  7 เออร์กอนอมิคส์
650  7 การทำงาน^xจิตวิทยา
945    ^p0^l0^i022794
945    ^p0^l0^i022793
945    ^p0^l0^i022792
995    ทศพร
999 ^a ใช้งานได้ทุกระบบ
รายการนี้ยังไม่มีแท็ก
คุณยังไม่ได้ล็อกอิน คุณสามารถมีกิจกรรมร่วมกับเว็บไซต์ได้ แต่ต้องล็อกอินก่อน ::
  ล็อกอิน

รายการสื่อสารสนเทศ

ลำดับที่ ประเภท เลขเรียก/บาร์โค้ด สถานที่ สถานะ
1. วิทยาศาสตร์การแพทย์ และสุขภาพ
วิทยาศาสตร์การแพทย์ และสุขภาพ
สถานะ=หนังสือเก่า
WA400 ม246อ ล.2 2550 ฉ.1 
  Barcode: 022792
ห้องสมุดวิทยาเขตสวรรค์ประชารักษ์
►ส่วนจัดเก็บหนังสือเก่า สปร
บนชั้น
  ขอยืม
2. วิทยาศาสตร์การแพทย์ และสุขภาพ
วิทยาศาสตร์การแพทย์ และสุขภาพ
สถานะ=หนังสือเก่า
WA400 ม246อ ล.2 2550 ฉ.2 
  Barcode: 022793
ห้องสมุดวิทยาเขตสวรรค์ประชารักษ์
►ส่วนจัดเก็บหนังสือเก่า สปร
บนชั้น
  ขอยืม
3. วิทยาศาสตร์การแพทย์ และสุขภาพ
วิทยาศาสตร์การแพทย์ และสุขภาพ
สถานะ=หนังสือเก่า
WA400 ม246อ ล.2 2550 ฉ.3 
  Barcode: 022794
ห้องสมุดวิทยาเขตสวรรค์ประชารักษ์
►ส่วนจัดเก็บหนังสือเก่า สปร
บนชั้น
  ขอยืม

รายการใกล้เคียง
    หัวเรื่อง [เออร์กอนอมิคส์]

BibComment


ยังไม่เคยถูกคอมเมนท์

คอมเมนท์ทรัพยากรรายการนี้
  คอมเมนท์: เอกสารการสอนชุดวิ..


 Copyright 2026. Bcnsprnw @Library